000 00256nmm a2200085Ia 4500
008 220120s9999||||xx |||||||||||||||||und||
100 _aDigit
245 0 _aOctober 2010: kidzone, hot games demos, lost horizon, FPS te
260 _aNine dot nine interactive ltd.
999 _c139601
_d139601